Estatísticas para Clubes que mais venceram campeonatos nacionais da OFC

Clique aqui para jogar o quiz

Estatísticas Gerais

  • Esse quiz foi jogado 7 vezes
  • A pontuação média é 1 de 14

Estatísticas das Respostas

PaísVezes que ganhouCampeonatoTime% Correto
Nova Zelândia6New Zealand Football ChampionshipAuckland City Football Club | Christchurch United Football Club | University-Mount Wellington Association FC
100%
Papua-Nova Guiné8Papua New Guinea National Soccer LeaguePRK Hekari United Football Club
29%
Taiti20Tahiti Ligue 1Association Sportive Central Sport
0%
Nova Caledônia10Championnat de la Super LigueAssociation Sportive Magenta Nickel
0%
Fiji20National Football LeagueBa Football Association
0%
Kiribati2Kiribati National ChampionshipBetio Town Council | Makin Football Club
0%
Ilhas Salomão4S-LeagueKoloale Football Club
0%
Tonga15Tonga Major LeagueLotohaʻapai United Football Club
0%
Tuvalu20Tuvalu A-DivisionNauti Football Club
0%
Samoa Americana4FFAS Senior LeaguePago Youth Football Club | PanSa East Football Club
0%
Vanuatu15Port Vila Football LeagueTafea Football Club
0%
Niue4Niue Soccer TournamentTalava Football Club
0%
Ilhas Cook14Cook Islands Round CupTitikaveka Football Club
0%
Samoa6Samoa National LeagueVailima Kiwi Football Club
0%

Distribuição das Pontuações

Percentil de Números Respondidos

Porcentagem de Pessoas com Cada Pontuação

Sua Pontuação Histórica

Você não jogou esse quiz